Entrepreneurial Development (Record no. 5801)

MARC details
000 -LEADER
fixed length control field 00510cam a2200205ua 4500
008 - FIXED-LENGTH DATA ELEMENTS--GENERAL INFORMATION
fixed length control field 150922n ii |||gr||||Z||||||eng
020 ## - INTERNATIONAL STANDARD BOOK NUMBER
International Standard Book Number 81-219-1801-4
040 ## - CATALOGING SOURCE
Transcribing agency MAIN
041 ## - LANGUAGE CODE
-- eng
082 ## - DEWEY DECIMAL CLASSIFICATION NUMBER
Classification number 338.04
245 ## - TITLE STATEMENT
Title Entrepreneurial Development
Statement of responsibility, etc. By S.S. Khanka
250 ## - EDITION STATEMENT
Edition statement Rep.
260 ## - PUBLICATION, DISTRIBUTION, ETC.
Place of publication, distribution, etc. New delhi:
Name of publisher, distributor, etc. S. Chand & company ltd.,
Date of publication, distribution, etc. 2004.
300 ## - PHYSICAL DESCRIPTION
Extent xiv,405p.
700 ## - ADDED ENTRY--PERSONAL NAME
Personal name Khanka,S.S.,
Relator term
942 ## - ADDED ENTRY ELEMENTS (KOHA)
Koha item type Books
653 ## - INDEX TERM--UNCONTROLLED
Uncontrolled term Production
653 ## - INDEX TERM--UNCONTROLLED
Uncontrolled term Entrepreneurial Development
Holdings
Withdrawn status Lost status Damaged status Not for loan Home library Current library Shelving location Date acquired Total Checkouts Full call number Barcode Date last seen Date last checked out Copy number Price effective from Koha item type
        Central Library, Naharkatiya College Central Library, Naharkatiya College General Stacks 19/09/2020 3 338.04 | KHA 13970 27/09/2025 15/09/2025 2 19/09/2020 Books
        Central Library, Naharkatiya College Central Library, Naharkatiya College General Stacks 19/09/2020 6 338.04 | KHA 1643 19/09/2025 15/09/2025 1 19/09/2020 Books

Naharkatiya College © 2020. All rights reserved.

Powered By